| 000 | 01326nam a2200289Ia 4500 | ||
|---|---|---|---|
| 999 |
_c4896 _d4896 |
||
| 003 | OSt | ||
| 005 | 20200513155946.0 | ||
| 008 | 191128s1998 ck ad gr 000 0dspa d | ||
| 020 | _a9586018040 | ||
| 040 |
_aCO-JMCR _cCO-JMCR |
||
| 041 | 0 | _aspa | |
| 082 | 0 | 4 |
_a307.72 / _bS684c _223 |
| 100 | 1 |
_aSolarte Lindo, Guillermo, _eautor _93351 |
|
| 245 | 1 | 3 |
_aLa convivencia en Colombia : _bmás allá de las armas / _cGuillermo Solarte Lindo ; Lina María Castaño Mesa, Héctor Arena Amorocho |
| 250 | _aPrimera edición | ||
| 260 |
_aBogotá : _bIica, TM, _c1998 |
||
| 300 |
_aix, 108 páginas : _btablas, gráficos _c23 cm. |
||
| 490 |
_aMisión rural ; _v7 |
||
| 504 | _aIncluye bibliografía. | ||
| 505 | _aLo más profundo es la piel -- A sangre fría -- El eterno retorno -- Crear sociedad -- ¿Hacemos las paces? -- Estrategia de pedagogía política "crear sociedad" | ||
| 520 | _aSe analiza el problema de la violencia en Colombia y se indentifica como la base fundamental de la convivencia el asunto de la política. En términos generales se propone la construcción colectiva de las bases políticas. | ||
| 650 | 1 | 4 |
_aSociología rural _94314 |
| 650 | 2 | 4 |
_aDesarrollo social _94315 |
| 700 | 1 |
_aCastaño Mesa, Lina Maria _eautora _94316 |
|
| 700 | 1 |
_aArena Amorocho, Héctor _eautor _94317 |
|
| 942 |
_2ddc _cBK |
||